=LDR 00000nam 2200000 4500 =001 INLIS000000000006218 =005 20210406115710 =035 ##$$a 0010-061300000006218 =008 210406################g##########0#ind## =041 ##$$a Ind =082 ##$$a 2x0 =090 ##$$a 2x0, Yak i =100 ##$$a Yakan, Fathi =245 1#$$a Islam era global : $b ( kajian " proyek islamisasi " ideal ) /$c Dr. Fathi Yakan =260 ##$$a Yogyakarta :$b Ababil,$c 1996. =300 ##$$a 179 hlm, ; $c 21 X 14 cm. =650 #4$$a islam =850 ##$$a NBPNMAT =250 ##$$a cet.1 =990 ##$$a DW00019704 =990 ##$$a DW00024908 =990 ##$$a 00093465